Podnikatelia a dane

Daňový systém SR je v základoch kompatibilný so systémom v krajinách s vyspelou ekonomikou (od 1.1.1993). Ciele a opatrenia daňovej reformy. Daňové zaťaženie podnikateľských subjektov. Nepriame dane - DPH a spotrebné dane. Klasifikácia daní podľa OECD. Daňové zákonodarstvo. Dane a rozvoj malého a st...

Ausführliche Beschreibung

Gespeichert in:
Bibliographische Detailangaben
1. Verfasser: Vlčko, Ján
Format: Buchkapitel
Sprache:Slowakisch
Schlagworte:
Tags: Tag hinzufügen
Keine Tags, Fügen Sie das erste Tag hinzu!

MARC

LEADER 00000naa a2200000 4500
001 r024657
005 20221205090403.9
041 0 |a slo 
044 |a SK 
245 1 0 |a Podnikatelia a dane  |c Ján Vlčko 
520 |a Daňový systém SR je v základoch kompatibilný so systémom v krajinách s vyspelou ekonomikou (od 1.1.1993). Ciele a opatrenia daňovej reformy. Daňové zaťaženie podnikateľských subjektov. Nepriame dane - DPH a spotrebné dane. Klasifikácia daní podľa OECD. Daňové zákonodarstvo. Dane a rozvoj malého a stredného podnikania. Daňové stimuly a zahraničné investície. 
610 2 0 |a Slovensko 
610 2 0 |a svet 
610 2 0 |a dane 
610 2 0 |a reformy daňové 
610 2 0 |a zaťaženie daňové 
610 2 0 |a podnikatelia 
610 2 0 |a 1993 
610 2 0 |a 1994 
610 2 0 |a OECD 
610 2 0 |a sadzby daňové 
610 2 0 |a dane nepriame 
610 2 0 |a dane z hodnoty pridanej 
610 2 0 |a zákonodarstvo 
610 2 0 |a dane spotrebné 
100 1 |a Vlčko, Ján